00892nam a2200217 i 4500001000700000003000900007005001700016007000300033008004100036080003400077100003500111245011400146260007500260300002100335600006600356700003500422710004400457852003200501999001900533952012200552128536ES-MaACL20250902111732.0t|070517s1968 sp ||||1| spa d a86 Tamayo y Baus, Manuel 1.061 aTamayo y Baus, Manuel.910916510aUn aspecto desconocido de Tamayo y Baus b: su obra lírica / cManuel Tamayo y Baus, Ramón Esquer Torres. aCastellón de la Plana : bSociedad castellonense de cultura, c1968. a80 p. ; c21 cm.14aTamayo y Baus, Manuel-xCrítica e interpretación.91091661 aEsquer Torres, Ramón.9479612 aSociedad Castellonense de Cultura96649 aES-MaACLjC-33766 bR.64658 c128536d128536 00104070aATENEOMbATENEOMcDEPO2d2008-01-17eSCl0oC-33766p1133865r2023-02-23 00:00:00w2023-02-23yMONOGRAFIA